Os du corps Humain - Statistiques

Statistiques générales
  • Ce quiz a été pris 1 750 fois
    1 613 depuis la dernière actualisation
  • Le résultat moyen est 84 sur 167
Réponses sur la Carte
Les réponses sont colorées sur une échelle allant du rouge au vert en fonction du pourcentage des utilisateurs qui les ont devinées à leur premier essai. Vous pouvez retrouver ces pourcentages ci-dessous.
 
Statistiques - réponses
Réponse % Correct
Fémurs (2)
89%
Tibias (2)
88%
Clavicules (2)
80%
Cubitus/Ulna (2)
77%
Omoplates (2)
77%
Radius (2)
77%
Humérus (2)
76%
Humérus (2)
75%
Rotules/Patella (2)
74%
Phalanges de la Main (14)
72%
Phalanges du Pied (14)
72%
Péronés/Fibulas (2)
70%
Coccyx
65%
Métacarpes (10)
64%
Métacarpes (10)
63%
Mandibule
59%
Os frontal
56%
Sternum
56%
Vertèbres lombaires (5)
55%
Métatarses (10)
54%
Vertèbres cervicales (7)
54%
Sacrum
50%
Vertèbres thoraciques (12)
50%
Côtes Flottantes (4)
45%
Os maxillaires (2)
44%
Ilium (2)
43%
Os temporaux (2)
42%
Os pariétaux (2)
41%
Os zygomatiques (2)
39%
Os nasaux (2)
38%
Fausses Côtes (6)
34%
Vertèbres thoraciques (12)
34%
Vraies Côtes (14)
33%
Os naviculaires (2)
32%
Scaphoïdes (2)
32%
Ischion (2)
31%
Trapèzes (2)
31%
Talus (2)
29%
Os sphénoïdes (2)
28%
Trapèzoïdes (2)
27%
Trapézoïdes (2)
27%
Lunatum (2)
24%
Os pisiformes (2)
24%
Os lacrymaux (2)
23%
Hamatum (2)
22%
Manubrium sternal
22%
Os cuboïdes (2)
22%
Os éthmoïdal
22%
Triquetrum (2)
22%
Capitatum (2)
21%
Os cunéiformes (6)
20%
Aucun quiz correspondant
Distribution des résultats
% des personnes avec chaque résultat
Percentile par nombre de réponses
Votre historique - résultats
Vous n’avez pas pris ce quiz depuis la dernière actualisation